Die einzigen beiden Bundesländer... - Statistiken

Allgemein
  • Dieses Quiz wurde 388 mal gespielt
  • Das Durchschnittsergebnis liegt bei 12 aus 15
Antwortstatistiken
Fakt Bundesland % Korrekt
Stadtstaaten und gleichzeitig Hansestädte Bremen, Hamburg
100%
Mit einem Bären im Wappen Berlin, Sachsen Anhalt
97%
Mit einer Fläche von über 40.000qm Bayern, Niedersachsen
90%
Mit Zugang zum Bodensee Bayern, Baden-Württemberg
89%
Mit einem Zugang zur Ostsee Mecklenburg-Vorpommern, Schleswig-Holstein
89%
Mit einem prozentualen Ausländeranteil von über 18% Berlin, Bremen
87%
Mit Sorbisch als anerkannte Minderheitssprache Brandenburg, Sachsen
85%
Mit einem Pferd im Wappen Niedersachsen, Nordrhein-Westfalen
85%
Mit (Stand 2021) einer Ministerpräsidentin Rheinland-Pfalz, Mecklenburg-Vorpommern
82%
Mit Fläche im Nationalpark Harz Sachsen-Anhalt, Niedersachsen
80%
(Größte Flächenländer) in denen noch keine Bundesgartenschau stattgefunden hat Sachsen, Schleswig-Holstein
74%
Mit einer Stadt die über 5 Jahre Hauptsitz des Bauhauses war Sachsen-Anhalt, Thüringen
70%
Durch die die A73 verläuft Bayern, Thüringen
69%
Mit einem Flughafen der Klassifizierung "Sonderflughafen" Bayern, Baden-Württemberg
67%
Mit einem BIP von 63,5 Milliarden € Sachsen-Anhalt, Thüringen
58%
Keine übereinstimmenden Quizze gefunden
Verteilung der Resultate
Anzahl Personen mit jedem Resultat
Perzentil nach korrekt beantworteten Fragen
Ihre Resultats-Entwicklung
Sie haben dieses Quiz noch nicht gespielt